000 00722cam a22002533a 4500
001 1602
003 PGUSA
005 20140828083003.0
008 990101s1999||||xxu|||||s|||||000 1 eng d
040 _aPGUSA
_beng
042 _adc
050 4 _aPS
100 1 _aFerber, Edna,
_d1885-1968
245 1 0 _aDawn O'Hara :
_bThe Girl Who Laughed
_h[electronic resource] /
_cEdna Ferber
260 _bProject Gutenberg,
_c1999
506 _aPublic domain in the USA.
516 _aElectronic text
653 _aHumorous stories
653 _aWomen authors -- Fiction
653 _aReporters and reporting -- Fiction
830 0 _aProject Gutenberg
_v1602
856 4 0 _uhttp://www.gutenberg.org/ebooks/1602
942 _cEB
999 _c230950
_d230950